000 00628cam a2200205 a 4500
001 000008070
003 OSt
005 20201005104210.0
008 920326s1996 dr a 000 f spa
040 _aDO-SdBNP
_bspa
_cBNPHU
100 1 _aCáceres Mendoza, Fran
_921978
245 1 3 _aEl ambiente y el Micro-Sistema sanitario /
_cFran Cáceres Mendoza
260 _aSanto Domingo :
_bCiudad Alternativa,
_c1996.
300 _a16 p. ;
_c20 cm.
_bil.
490 1 _ael espacio en que vivimos ;
_v1 ;
590 _aInventariado, 2020/ YL
830 0 _aEl espacio en que vivimos
_n1
_921979
910 _aEn proceso
942 _2ddc
_cLF1
999 _c48813
_d48813